000 00329nam a2200145Ia 4500
008 230917s9999||||xx |||||||||||||| ||und||
040 _e136013
_aMAIN
041 _aEnglish
082 _a330.9 J981E
100 _aJursawala
245 0 _aEconomics of development
260 _aCalcutta
_c1969
300 _a158 p.
942 _cBK
999 _c46361
_d46361